Virgilio: obras

Đã lưu trong:
Chi tiết về thư mục
Định dạng: Sách
Ngôn ngữ:Tiếng Tây Ban Nha
Được phát hành: Madrid Gredos 2008
Loạt:Bibloteca Clásica Gredos, 141
Những chủ đề:
Các nhãn: Thêm thẻ
Không có thẻ, Là người đầu tiên thẻ bản ghi này!

MARC

LEADER 00000cam a2200000 a 4500
001 UCG8071
003 CL-VaPUC
008 111118e20080000SP |||||||||||||||||spa|d
020 |a 9788424914244t.1 
020 |a 9788424914902t.2 
082 0 4 |a 873  |b VIR  |2 21 
245 1 0 |a Virgilio: obras 
300 |a t 
942 |c BK 
945 |d 20111118 00:00:00  |a dcastane 
260 |a Madrid  |b Gredos  |c 2008 
600 0 7 |a VIRGILIO, MARON PUBLIO  |2 CL-VaPUC  |9 266333 
650 7 |a POESIA EPICA LATINA  |2 CL-VaPUC  |9 268422 
650 0 |a Formas y géneros literarios  |9 324031 
650 7 |a POESIAS LATINAS  |2 CL-VaPUC  |9 558618 
583 |a last modification  |c 20111125 10:23:35  |k Rodrigo Vera 
490 0 |a Bibloteca Clásica Gredos, 141 
999 |c 345710  |d 345708 
952 |0 0  |1 0  |2 ddc  |4 0  |6 873_000000000000000_VIR_2008  |7 0  |8 A  |9 445511  |a BIBART  |b BIBART  |d 2019-11-22  |h t.1  |i 4799895  |o 873 VIR 2008  |p 4799895  |r 2025-03-13  |w 2019-11-22  |y BK  |k ART 
952 |0 0  |1 0  |2 ddc  |4 0  |6 873_000000000000000_VIR_2008  |7 0  |8 A  |9 445512  |a BIBART  |b BIBART  |d 2019-11-22  |h t.2  |i 4799909  |l 1  |m 6  |o 873 VIR 2008  |p 4799909  |r 2025-05-05  |s 2025-03-17  |w 2019-11-22  |y BK  |k ART